书目信息 |
| 题名: |
管理运筹学习题精解
|
|
| 作者: | 韩大卫 主编 ;王雪华 主审 | |
| 分册: | ||
| 出版信息: | 大连 大连理工大学出版社 2002 |
|
| 页数: | 187页 | |
| 开本: | 23cm | |
| 丛书名: | ||
| 单 册: | ||
| 中图分类: | C931.1 | |
| 科图分类: | ||
| 主题词: | 管理学 , 运筹学 , 管理学--运筹学--研究生--解题 | |
| 电子资源: | ||
| ISBN: | 7-5611-2052-4 | |
| 000 | 00888nam0 2200265 45 | |
| 001 | 090000092065 | |
| 005 | 20050906153840.14 | |
| 010 | @a7-5611-2052-4@dCNY18.00 | |
| 100 | @a20040214d2002 emky0chiy0110 ea | |
| 101 | 0 | @achi |
| 102 | @aCN@b210000 | |
| 105 | @ay qz 000yy | |
| 200 | 1 | @a管理运筹学习题精解@Aguan li yun chou xue xi ti jing jie@f韩大卫主编@Fhan da wei zhu bian@g王雪华主审 |
| 210 | @a大连@c大连理工大学出版社@d2002 | |
| 215 | @a187页@c图@d23cm | |
| 300 | @a工商管理硕士(MBA)系列教材 | |
| 330 | @a本书和原教材配套,对线性规划基本性质、对偶原理、运输模型、整数规划、网络分析等13章的习题进行了详细的解答。 | |
| 606 | 0 | @a管理学 |
| 606 | 0 | @a运筹学 |
| 606 | 0 | @a管理学@x运筹学@x研究生@x解题 |
| 690 | @aC931.1@v4 | |
| 701 | 0 | @a韩大卫@Ahan da wei@4主编 |
| 702 | 0 | @a王雪华@Awang xue hua@4主审 |
| 801 | 0 | @aCN@bTSSF@c20050906 |
| 905 | @a10447@dC931.1@e182=4(+) | |
| 管理运筹学习题精解/韩大卫主编/王雪华主审.-大连:大连理工大学出版社,2002 |
| 187页:图;23cm |
| 工商管理硕士(MBA)系列教材 |
| ISBN 7-5611-2052-4:CNY18.00 |
| 本书和原教材配套,对线性规划基本性质、对偶原理、运输模型、整数规划、网络分析等13章的习题进行了详细的解答。 |
| ● |
| 相关链接 |
|
|
|
|
正题名:管理运筹学习题精解
索取号:C931.1/182=4(+)
 
预约/预借
| 序号 | 登录号 | 条形码 | 馆藏地/架位号 | 状态 | 备注 |
| 1 | 0359930 | 3599305 | 第一样本阅览室/ [索取号:C931.1/182=4(+)] | 在馆 | |
| 2 | 0359931 | 3599314 | 第一借阅区/ [索取号:C931.1/182=4(+)] | 在馆 | |
| 3 | 0359932 | 3599323 | 第一借阅区/ [索取号:C931.1/182=4(+)] | 在馆 | |
| 4 | 0359933 | 3599332 | 第一借阅区/ [索取号:C931.1/182=4(+)] | 在馆 | |
| 5 | 0359934 | 3599341 | 第一借阅区/ [索取号:C931.1/182=4(+)] | 在馆 |